| 000 | 00459nam a22001937a 4500 | ||
|---|---|---|---|
| 003 | bpm | ||
| 005 | 20260417085026.0 | ||
| 008 | 260417b |||||||| |||| 00| p spa d | ||
| 020 | _a9789874962577 | ||
| 024 | _aS. C. C. / M. C. y E. M.: | ||
| 040 | _aAR-CtUCP | ||
| 041 | _aspa | ||
| 080 | _aCDU | ||
| 100 | _aBáez Angélica Analía | ||
| 245 | _aVeinte poemas de una existencia | ||
| 650 | _aLiteratura - Poesía | ||
| 942 | _cLIB | ||
| 999 |
_c76659 _d76659 |
||